Procesné riadenie marketingových aktivít v spoločnosti IBM Slovensko, s.r.o. diplomová práca

Guardado en:
Detalles Bibliográficos
Autor principal: Foltánová, Nina
Autor Corporativo: Obchodná fakulta EU. Katedra marketingu
Otros Autores: Mariaš, Miroslav
Formato: Libro
Lenguaje:eslovaco
Publicado: Bratislava 2008
Etiquetas: Agregar Etiqueta
Sin Etiquetas, Sea el primero en etiquetar este registro!

MARC

LEADER 00000nam$a2200000$$$4500
001 0081593
005 20240201120154.4
041 0 |a slo 
044 |a SK 
245 1 0 |a Procesné riadenie marketingových aktivít v spoločnosti IBM Slovensko, s.r.o.  |b diplomová práca  |c Nina Foltánová ; škol. Miroslav Mariaš 
264 1 |a Bratislava  |c 2008 
300 |a 88 s. 
100 1 |a Foltánová, Nina 
700 1 |a Mariaš, Miroslav 
710 2 |a Obchodná fakulta EU. Katedra marketingu